书目信息 |
| 题名: |
贝叶斯统计及其R实现
|
|
| 作者: | 黄长全 编著 | |
| 分册: | ||
| 出版信息: | 北京 清华大学出版社 2017.05 |
|
| 页数: | 160页 | |
| 开本: | 26cm | |
| 丛书名: | 21世纪经济管理精品教材 | |
| 单 册: | ||
| 中图分类: | O212.8 | |
| 科图分类: | ||
| 主题词: | 贝叶斯统计量--bei ye si tong ji liang | |
| 电子资源: | ||
| ISBN: | 978-7-302-46785-4 | |
| 000 | 01373nam 2200277 450 | |
| 001 | 0109110241 | |
| 005 | 20201109110340.0 | |
| 010 | @a978-7-302-46785-4@dCNY35.00 | |
| 100 | @a20170802e20202017em y0chiy50 ea | |
| 101 | 0 | @achi |
| 102 | @aCN@b110000 | |
| 105 | @aak a 000yy | |
| 106 | @ar | |
| 200 | 1 | @a贝叶斯统计及其R实现@Abei ye si tong ji ji qi r shi xian@dBayesian statistics with R@f黄长全编著@zeng |
| 210 | @a北京@c清华大学出版社@d2017.05@h2020.06 | |
| 215 | @a160页@c图@d26cm | |
| 225 | 2 | @a21世纪经济管理精品教材@A21shi ji jing ji guan li jing pin jiao cai@i经济学系列 |
| 330 | @a本书系统地介绍了贝叶斯统计的基本思想及其来龙去脉、先验分布和后验分布的概念以及寻求方法、贝叶斯统计推断、MCMC计算方法以及统计决策理论等。为使初学者更好地理解贝叶斯统计并培养起对贝叶斯统计的兴趣,本书引入了丰富的案例,涉及经济、管理、天文、医药、生物、体育等领域。本书专门制作了一个专用R软件包,把书中所有案例数据和主要程序都放入了此压缩包中,增强了师生教学与互动的效果,以便激发初学者对贝叶斯统计的兴趣,掌握贝叶斯统计的精髓,为贝叶斯统计的应用打好基础。 | |
| 461 | 0 | @12001 @a21世纪经济管理精品教材 |
| 462 | 0 | @12001 @a经济学系列 |
| 510 | 1 | @aBayesian statistics with R@zeng |
| 606 | 0 | @a贝叶斯统计量@Abei ye si tong ji liang |
| 690 | @aO212.8@v5 | |
| 701 | 0 | @a黄长全@Ahuang chang quan@4编著 |
| 801 | 0 | @aCN@bBJSZM@c20201103 |
| 905 | @b1241807-10@dO212.8@e143@f4 | |
| 贝叶斯统计及其R实现=Bayesian statistics with R/黄长全编著.-北京:清华大学出版社,2017.05(2020.06) |
| 160页:图;26cm.-(21世纪经济管理精品教材.经济学系列) |
| ISBN 978-7-302-46785-4:CNY35.00 |
| 本书系统地介绍了贝叶斯统计的基本思想及其来龙去脉、先验分布和后验分布的概念以及寻求方法、贝叶斯统计推断、MCMC计算方法以及统计决策理论等。为使初学者更好地理解贝叶斯统计并培养起对贝叶斯统计的兴趣,本书引入了丰富的案例,涉及经济、管理、天文、医药、生物、体育等领域。本书专门制作了一个专用R软件包,把书中所有案例数据和主要程序都放入了此压缩包中,增强了师生教学与互动的效果,以便激发初学者对贝叶斯统计的兴趣,掌握贝叶斯统计的精髓,为贝叶斯统计的应用打好基础。 |
| ● |
| 相关链接 |
|
|
|
|
正题名:贝叶斯统计及其R实现
索取号:O212.8/143
 
预约/预借
| 序号 | 登录号 | 条形码 | 馆藏地/架位号 | 状态 | 备注 |
| 1 | 1241807 | 212418070 | 第二样本阅览室/ [索取号:O212.8/143] | 在馆 | |
| 2 | 1241808 | 212418089 | 第三借阅区/ [索取号:O212.8/143] | 在馆 | |
| 3 | 1241809 | 212418098 | 第三借阅区/ [索取号:O212.8/143] | 在馆 | |
| 4 | 1241810 | 212418105 | 第三借阅区/ [索取号:O212.8/143] | 在馆 |